| 000 | 01137nam a22002657a 4500 | ||
|---|---|---|---|
| 001 | 8431 | ||
| 003 | FISKH | ||
| 005 | 20250911150436.0 | ||
| 008 | 250911b cb ||||| |||| 00| 0 eng d | ||
| 040 |
_aFISKH _beng _cFISKH _dFISKH |
||
| 050 | _aPZ7 | ||
| 082 | _a813.54 | ||
| 100 | _aHoban, Russell | ||
| 245 |
_aA bargain for frances / _cby Russell Hoban ; Pictures by Lillian Hoban |
||
| 260 |
_aNew York : _bWeekly Reader Books, _c1970. |
||
| 300 |
_a63 pages : _bcolor illustrations ; _c23 cm |
||
| 505 | _aJ | ||
| 520 | _aFrances, a little badger, learns an important lesson about fairness and friendship. Her friend Thelma tricks her into buying a plastic tea set that Frances doesn’t really want. Feeling upset but determined, Frances comes up with a clever plan to turn the tables. In the end, Frances shows Thelma how honesty matters more than bargains, and the two patch up their friendship. | ||
| 521 | 8 |
_a470
_bLexile estimate |
|
| 521 | 8 |
_aJ
_bRaz-Plus |
|
| 650 |
_aFriendship _vProblem-solving _x Conflict resolution |
||
| 700 |
_aHoban, Lillian _eillustrator |
||
| 942 |
_2ddc _cBK _n0 |
||
| 999 |
_c8431 _d8431 |
||